Index to reports of Geological Survey of Canada from 1951-59. (Record no. 30184)

MARC details
000 -LEADER
fixed length control field 00765cam a22002291 4500
001 - CONTROL NUMBER
control field gs 66000070
003 - CONTROL NUMBER IDENTIFIER
control field DLC
005 - DATE AND TIME OF LATEST TRANSACTION
control field 20260227111418.0
008 - FIXED-LENGTH DATA ELEMENTS--GENERAL INFORMATION
fixed length control field 780525s1965 onc b f000 0 eng c
010 ## - LIBRARY OF CONGRESS CONTROL NUMBER
LC control number gs 66000070
035 ## - SYSTEM CONTROL NUMBER
System control number (OCoLC)3928253
040 ## - CATALOGING SOURCE
Original cataloging agency U.S. Geol. Survey. Libr.
Transcribing agency OAkU
Modifying agency DLC
042 ## - AUTHENTICATION CODE
Authentication code premarc
050 00 - LIBRARY OF CONGRESS CALL NUMBER
Classification number Z6034.C19
Item number A517
110 2# - MAIN ENTRY--CORPORATE NAME
Corporate name or jurisdiction name as entry element Geological Survey of Canada
245 10 - TITLE STATEMENT
Title Index to reports of Geological Survey of Canada from 1951-59.
Statement of responsibility, etc. Compiled by J. F. Wright.
260 ## - PUBLICATION, DISTRIBUTION, ETC.
Place of publication, distribution, etc. [Ottawa]
Name of publisher, distributor, etc. Dept. of Mines and Technical Surveys,
Date of publication, distribution, etc. 1965.
300 ## - PHYSICAL DESCRIPTION
Extent xii, 379 p.
Dimensions 25 cm.
650 #0 - SUBJECT ADDED ENTRY--TOPICAL TERM
Topical term or geographic name entry element Geology
Geographic subdivision Canada
Form subdivision Bibliography.
610 20 - SUBJECT ADDED ENTRY--CORPORATE NAME
Corporate name or jurisdiction name as entry element Geological Survey of Canada
Form subdivision Bibliography.
700 1# - ADDED ENTRY--PERSONAL NAME
Personal name Wright, J. F.
Fuller form of name (John Frank),
Dates associated with a name 1894-1974.

No items available.

Powered by Koha